L'entreprise performante

Saved in:
Bibliographic Details
Main Author: Solving
Format: Book
Language:French
Published: France : Les editions d'organisation, 1985
Subjects:
Tags: Add Tag
No Tags, Be the first to tag this record!

MARC

LEADER 00000nam a2200000 i 4500
001 1/60859
008 960529s1985 fre d
020 |a 2-7081-0679-1 
035 |l 10028790 
040 |a GR-MY-UA  |b gre  |e aacr 
041 0 |a fre 
082 0 |a 338.7 
100 1 |a Solving. 
245 1 0 |a L'entreprise performante /  |c Solving 
260 |a France :   |b Les editions d'organisation,   |c 1985 
300 |a 142 p. 
650 0 0 |a Business enterprises. 
852 |a INST  |b CHIOS  |e 19960529  |h 338.7 ENT  |p 005200002585  |q 005200002585  |t BK  |y 0 
909 |a Χ  |b 010999